000 00735nam a2200265Ia 4500
001 34556
005 20240114001735.0
007 ta
008 070224s2003 g b000 u 465 u
040 _aCotton College,Assam
041 _a465
082 _a003.3
_bSe 43 Ap
100 _aSeila, Andrew F..
245 0 _aApplied Simulation Modeling /
_cAndrew F.Seila, Vlatko Ceric & Pandu Tadikamalla.
_hTextual Documents
250 _a1st ed. /
260 _aSpain :
_bThomson ,
_c2003.
300 _a445p. ;
_c22cm.
653 _aSimulation Modeling
653 _aG-Computer Science
700 _aCeric , Vlatko .
700 _aTadikamalla, Pandu .
942 _2ddc
_cBK
999 _c34538
_d34538